[Event "Erfurt HT op 26th"]
[Site "Erfurt"]
[Date "2016.12.28"]
[Round "5"]
[White "Schulz, Stefan"]
[Black "Loriguillo Gonzalez, Gregorio"]
[Result "1-0"]
[WhiteElo "1870"]
[BlackElo "1940"]
[PlyCount "91"]
[EventDate "2016.12.26"]
[EventType "swiss"]
[EventRounds "8"]
[EventCountry "GER"]
[SourceTitle "EXT 2018"]
[Source "ChessBase"]
[SourceDate "2017.10.13"]
[SourceVersion "1"]
[SourceVersionDate "2017.10.13"]
[SourceQuality "1"]

1. e4 c5 2. Nf3 Nf6 3. Nc3 Nc6 4. d4 d5 5. exd5 Nxd5 6. dxc5 Nxc3 7. Qxd8+ Nxd8 8. bxc3 e6 9. Be3 Nc6 10. Bb5 Bd7 11. 0-0-0 Be7 12. Rd2 0-0-0 13. Rhd1 f6 14. Bc4 e5 15. Ne1 Bg4 16. f3 Rxd2 17. Rxd2 Bd7 18. Nd3 Na5 19. Bb3 Rd8 20. Nb4 Bc6 21. Rxd8+ Kxd8 22. Be6 Bb5 23. c6 Bxb4 24. cxb4 Nxc6 25. a3 Bf1 26. g3 Ke7 27. Bd5 Kd6 28. Bg8 Nd4 29. Bxh7 Bc4 30. Bxd4 exd4 31. Kd2 a5 32. Bd3 Bd5 33. Be2 axb4 34. axb4 Ke5 35. Kd3 g5 36. f4+ gxf4 37. gxf4+ Kxf4 38. Kxd4 Bc6 39. h4 Kf5 40. Ke3 Be8 41. Bf3 Ke5 42. h5 f5 43. h6 f4+ 44. Kd3 Kf6 45. Kd4 Kg6 46. Bh5+ 1-0

[Event "GER HS-216 email"]
[Site "GER email"]
[Date "2016.12.01"]
[Round "?"]
[White "Loriguillo Gonzalez, Gregorio"]
[Black "Ilzig, Gerhard Gunther"]
[Result "0-1"]
[WhiteElo "1952"]
[BlackElo "1939"]
[PlyCount "118"]
[EventDate "2016.12.05"]
[EventType "tourn (corr)"]
[EventRounds "6"]
[EventCountry "GER"]
[SourceTitle "Corr 2020"]
[Source "ChessBase"]
[SourceDate "2019.09.30"]
[SourceVersion "1"]
[SourceVersionDate "2019.09.30"]
[SourceQuality "1"]

1. e4 e5 2. Nf3 Nc6 3. Bb5 a6 4. Ba4 Nf6 5. 0-0 Be7 6. Re1 b5 7. Bb3 d6 8. c3 0-0 9. h3 Nb8 10. d4 Nbd7 11. Nbd2 Bb7 12. Bc2 Re8 13. Nf1 Bf8 14. Ng3 g6 15. a4 c5 16. d5 c4 17. Bg5 h6 18. Be3 Nc5 19. Qd2 Kh7 20. Nh2 Nfd7 21. Ra2 h5 22. Rea1 Qc7 23. Nf3 Reb8 24. Ng5+ Kg8 25. Qe2 Bg7 26. Rb1 Rc8 27. Kh2 Qd8 28. Rba1 Bf6 29. h4 Be7 30. Nf1 Nf6 31. f3 Qd7 32. Nd2 Qd8 33. g3 Bf8 34. Kg2 Qc7 35. Ra3 Be7 36. Qf1 Nfd7 37. R3a2 Rf8 38. Kg1 Rfe8 39. Bd1 Rf8 40. Be2 bxa4 41. Bxc4 f5 42. Qg2 Bxg5 43. Bxg5 fxe4 44. fxe4 Nf6 45. Bh6 Rf7 46. Be2 Bc8 47. Rf1 Bg4 48. Bg5 Raf8 49. Bxf6 Rxf6 50. Rxf6 Rxf6 51. Bxg4 hxg4 52. Qe2 Qb6 53. Kh1 Qb5 54. c4 Qb4 55. Kg2 a5 56. Kg1 Kg7 57. Kg2 Rf7 58. h5 gxh5 59. Qe3 Kg6 0-1

[Event "GER HS-216 email"]
[Site "GER email"]
[Date "2016.12.01"]
[Round "?"]
[White "Wernitz, Helmut"]
[Black "Loriguillo Gonzalez, Gregorio"]
[Result "1/2-1/2"]
[WhiteElo "1734"]
[BlackElo "1952"]
[PlyCount "71"]
[EventDate "2016.12.05"]
[EventType "tourn (corr)"]
[EventRounds "6"]
[EventCountry "GER"]
[SourceTitle "Corr 2020"]
[Source "ChessBase"]
[SourceDate "2019.09.30"]
[SourceVersion "1"]
[SourceVersionDate "2019.09.30"]
[SourceQuality "1"]

1. e4 c5 2. Nf3 Nc6 3. d4 cxd4 4. Nxd4 Nf6 5. Nc3 e5 6. Ndb5 d6 7. Bg5 a6 8. Na3 b5 9. Bxf6 gxf6 10. Nd5 f5 11. Bd3 Be6 12. 0-0 Bxd5 13. exd5 Ne7 14. Re1 Bg7 15. c3 0-0 16. Nc2 Qd7 17. g3 Nxd5 18. Qh5 Ne7 19. Ne3 e4 20. Nxf5 Nxf5 21. Bxe4 Nh6 22. Bxa8 Rxa8 23. Qd5 Rb8 24. Rad1 Rd8 25. Qg5 Kf8 26. Rd5 Ng8 27. Red1 Bf6 28. Qd2 Be7 29. a4 bxa4 30. Ra5 Qb7 31. Rxa4 d5 32. Rd4 Bf6 33. Rxd5 Rxd5 34. Qxd5 Qxb2 35. c4 Kg7 36. Qe4 1/2-1/2

[Event "GER HS-172 email"]
[Site "GER email"]
[Date "2014.10.13"]
[Round "?"]
[White "Hebel, Erich"]
[Black "Loriguillo Gonzalez, Gregorio"]
[Result "1/2-1/2"]
[WhiteElo "1966"]
[BlackElo "1888"]
[PlyCount "64"]
[EventDate "2014.10.23"]
[EventType "tourn (corr)"]
[EventRounds "6"]
[EventCountry "GER"]
[SourceTitle "Corr 2020"]
[Source "ChessBase"]
[SourceDate "2019.09.30"]
[SourceVersion "1"]
[SourceVersionDate "2019.09.30"]
[SourceQuality "1"]

1. e4 c5 2. Nf3 Nc6 3. d4 cxd4 4. Nxd4 Nf6 5. Nc3 e5 6. Ndb5 d6 7. Bg5 a6 8. Na3 b5 9. Bxf6 gxf6 10. Nd5 f5 11. Bd3 Be6 12. 0-0 Bxd5 13. exd5 Ne7 14. Nxb5 Bg7 15. Nc3 e4 16. Be2 0-0 17. Rb1 Ng6 18. f3 Qg5 19. fxe4 Qe3+ 20. Kh1 fxe4 21. Bg4 Bxc3 22. bxc3 Qxc3 23. Bf5 Rae8 24. Qe2 Re5 25. Rb3 Qd4 26. c4 Rfe8 27. Re3 R8e7 28. h3 Kg7 29. Rd1 Qb6 30. Rf1 Qd4 31. Rd1 Qb6 32. Rf1 Qd4 1/2-1/2

[Event "GER HS-172 email"]
[Site "GER email"]
[Date "2014.10.13"]
[Round "?"]
[White "Loriguillo Gonzalez, Gregorio"]
[Black "Braesel, Walter"]
[Result "1-0"]
[WhiteElo "1888"]
[BlackElo "1895"]
[PlyCount "93"]
[EventDate "2014.10.23"]
[EventType "tourn (corr)"]
[EventRounds "6"]
[EventCountry "GER"]
[SourceTitle "Corr 2020"]
[Source "ChessBase"]
[SourceDate "2019.09.30"]
[SourceVersion "1"]
[SourceVersionDate "2019.09.30"]
[SourceQuality "1"]

1. d4 Nf6 2. c4 e6 3. g3 c5 4. d5 exd5 5. cxd5 d6 6. Nc3 g6 7. Bg2 Bg7 8. Nf3 0-0 9. 0-0 a6 10. a4 Re8 11. Nd2 Nbd7 12. h3 Rb8 13. Nc4 Ne5 14. Na3 Bd7 15. f4 Nh5 16. fxe5 Bxe5 17. g4 Ng3 18. Rf3 Qh4 19. Be3 h5 20. gxh5 Bxh3 21. hxg6 fxg6 22. Bf2 Bg4 23. Bxg3 Bxg3 24. Rxg3 Qxg3 25. Qd3 Qxd3 26. exd3 Bf5 27. Nc4 Rbd8 28. Rd1 Bg4 29. Rd2 Bf5 30. a5 Kg7 31. Ne4 Bxe4 32. dxe4 Kf6 33. Rd3 Re7 34. Re3 Kg5 35. e5 dxe5 36. d6 Re6 37. Bxb7 e4 38. Kf2 Kf4 39. Bxa6 Rb8 40. Rh3 g5 41. Rh7 g4 42. Bb7 g3+ 43. Kf1 e3 44. a6 e2+ 45. Ke1 Ree8 46. a7 Rxb7 47. Rxb7 1-0

[Event "GER HS-162 email"]
[Site "GER email"]
[Date "2014.03.16"]
[Round "?"]
[White "Loriguillo Gonzalez, Gregorio"]
[Black "Kaltschmidt, Andreas"]
[Result "1-0"]
[WhiteElo "1841"]
[BlackElo "1854"]
[PlyCount "39"]
[EventDate "2014.03.21"]
[EventType "tourn (corr)"]
[EventRounds "6"]
[EventCountry "GER"]
[SourceTitle "Corr 2015"]
[Source "ChessBase"]
[SourceDate "2015.07.17"]
[SourceVersion "1"]
[SourceVersionDate "2015.07.17"]
[SourceQuality "1"]

1. d4 Nf6 2. c4 e6 3. Nf3 Bb4+ 4. Bd2 Bxd2+ 5. Qxd2 d6 6. Nc3 0-0 7. g3 Nc6 8. Bg2 Qe7 9. 0-0 Bd7 10. Rfe1 Rfe8 11. Rad1 Qf8 12. a3 h6 13. b4 a6 14. Qb2 b6 15. Rc1 d5 16. Ne5 Qd6 17. f4 Ra7 18. c5 Qe7 19. e4 Nxe4 20. Nxc6 1-0

[Event "GER HS-141 email"]
[Site "GER email"]
[Date "2013.01.10"]
[Round "?"]
[White "Loriguillo Gonzalez, Gregorio"]
[Black "Meissner, Ruediger"]
[Result "0-1"]
[WhiteElo "1819"]
[BlackElo "1987"]
[PlyCount "82"]
[EventDate "2013.01.28"]
[EventType "tourn (corr)"]
[EventRounds "6"]
[EventCountry "GER"]
[SourceTitle "Corr 2015"]
[Source "ChessBase"]
[SourceDate "2015.07.17"]
[SourceVersion "1"]
[SourceVersionDate "2015.07.17"]
[SourceQuality "1"]

1. d4 Nf6 2. c4 e6 3. g3 c5 4. d5 exd5 5. cxd5 d6 6. Nc3 g6 7. Nf3 Bg7 8. Bg2 0-0 9. 0-0 a6 10. a4 Nbd7 11. Nd2 Re8 12. h3 Rb8 13. Nc4 Ne5 14. Na3 Nh5 15. e4 Bd7 16. a5 Qxa5 17. g4 Nf6 18. f4 Nfxg4 19. hxg4 Nxg4 20. f5 h5 21. Qf3 Qd8 22. Nc4 Bd4+ 23. Kh1 Bb5 24. fxg6 fxg6 25. Nxb5 axb5 26. Qf7+ Kh8 27. Ra3 Re7 28. Qxg6 Rg7 29. Qxd6 bxc4 30. Qxd8+ Rxd8 31. Raf3 Rg6 32. Rf5 Re8 33. Bf3 Kg7 34. Bf4 Rf6 35. d6 Rxf5 36. exf5 Rd8 37. Bxb7 Bxb2 38. Bd5 Kf6 39. Bg3 Kg5 40. Bxc4 Be5 41. Be6 Bxg3 0-1